000 00809nam1a22002291i 4500
001 rc\210796
005 20240726061734.0
010 _a503001456Х
035 _a(NLR Aleph) 008740750
090 _a9530826
_c9530826
100 _a20030307d1991 u |0rusy50 ca
101 0 _arus
102 _aRU
105 _ay |||||||||
200 1 _aФизиология животных
_eМеханизмы и адаптация
_fР. Эккерт, Д. Рэнделл, Дж. Огастин
_gПер. с англ. к. м. н. Н.Н. Алипова и др.
_gПод ред. чл.-корр. АН СССР Т.М. Турпаева
210 _aМ.
_cМир
_d1991
215 _d26
700 1 _aЭккерт
_bР.
_gРоджер
801 0 _aRU
_bNLR
_gpsbo
801 1 _aRU
_bELAR
_2rusmarc
852 _aNLR
_j91-7/1444
942 _cBOOK